| 000 | 01061nam2a2200265 4500 | ||
|---|---|---|---|
| 001 | RU\NLR\BIBL_A\011905757 | ||
| 005 | 20190121155736.0 | ||
| 010 |
_a978-5-00122-732-8 _bч. 1 _9100 |
||
| 021 |
_aRU _bКН-П-18-091728 _9КН-П-18-6664 |
||
| 035 | _a(NLR Aleph) 011905757 | ||
| 035 | _a(RuMoRGB)009825653 | ||
| 090 |
_a10907486 _c10907486 |
||
| 100 | _a20190110d2018 u y0rusy50 ca | ||
| 101 | 0 | _arus | |
| 102 | _aRU | ||
| 105 | _ay|||z|||000zy | ||
| 200 | 1 | _a[Гражданинов] | |
| 210 | _d2018 | ||
| 215 | _a144 с. | ||
| 461 | 0 |
_1001RU\NLR\BIBL_A\011912707 _12000#$aPresent continuos$fА.Н. Уров$vЧ. 1 _1700#1$aУров$bА. Н.$gАлександр Николаевич _910946010 _aУров, А. Н. _cМосква _d2018 _fА.Н. Уров _nПеро _tPresent continuos _y9785001227311 _vЧ. 1 |
|
| 942 | _cBOOK | ||
| 980 | _aNBR | ||
| 980 | _aNB | ||